000 00655nas a2200217 4500
001 BR5400309
003 BR-BrBNA
005 20231205081947.0
007 ta
008 230509b bl.|||p| |||| 00| 00por d
040 _aBR-BrBNA
_bpor
_cBiblioteca Nacional de Agricultura
041 _a(Pt)
072 _aH20
100 1 _aMatta, E.A.F. da
245 1 _aFerrugem do maxixe (Puccinia cucumeris P. Henn)[Cucumis anguria]
650 _aMAXIXE
650 _aFERRUGEM
773 0 _tBoletim do Instituto Biologico da Bahia (Brazil)
_xISSN 0020-3661
_g(1954), v. 1(1) p. 59-62
_wBR5400309
909 _a202311
_bLúcia
_c55
_dLúcia Elande
942 _2AGRIS
_n0
_cANA
999 _c88152
_d88152